| 000 | 00501nam a2200169 a 4500 | ||
|---|---|---|---|
| 005 | 20240613063642.0 | ||
| 008 | 991125s1916 ea 000 0 spa u | ||
| 035 | _aUPN01000004417 | ||
| 049 | _aCE | ||
| 050 | 4 |
_aLB1589 _bW4.4 |
|
| 100 | 1 |
_aWentworth, George, _d1868- _932727 |
|
| 245 | 1 | 0 |
_aAritmética moderna / _cJorge Wentworth ; tr. David Eugenio Smith. |
| 260 |
_aBoston [E.U.A.] : _bGinn, _c1916. |
||
| 300 |
_a317 p. : _bil. |
||
| 650 | 4 |
_aAritmética _xEstudio y enseñanza _97853 |
|
| 905 | _aLibro | ||
| 999 |
_c4417 _d4417 |
||